Normal view
MARC view
Entry Personal Name
001 - CONTROL NUMBER
- control field: 21242
003 - CONTROL NUMBER IDENTIFIER
- control field: ARRUPE
005 - DATE AND TIME OF LATEST TRANSACTION
- control field: 20151208095936.0
008 - FIXED-LENGTH DATA ELEMENTS
- fixed length control field: 151208|| aca||aabn | a|a d
040 ## - CATALOGING SOURCE
- Original cataloging agency: ARRUPE
- Transcribing agency: ARRUPE
100 ## - HEADING--PERSONAL NAME
- Personal name: Lyddon, Eileen sr.
670 ## - SOURCE DATA FOUND
- Source citation: Work cat.: (ARRUPE): Lyddon, Eileen sr., Door through darkness , 1995